Nominations oscar best picture 2015-2019 - Statistics

General Stats
  • This quiz has been taken 256 times
  • The average score is 28 of 43
Answer Stats
Year Actor / Director Answer % Correct
2019 Bong Joon-ho Parasite
88%
2016 Emma Stone La la land
87%
2018 Rami Malek Bohemian Rhapsody
86%
2019 Joaquin Phoenix Joker
81%
2016 Casey Affleck Manchester by the sea
81%
2018 Mahershala Ali Green Book
79%
2016 Barry Jenkins Moonlight
79%
2015 Leonardo Di Caprio The Revenant
79%
2019 Quentin Tarantino Once Upon a Time in Hollywood
78%
2015 Brie Larson Room
78%
2017 Guillermo del Toro The Shape of water
77%
2018 Chadwick Boseman Black Panther
76%
2018 Bradley Cooper A Star Is Born
75%
2017 Daniel Kaluuya Get Out
75%
2018 Olivia Colman The Favourite
73%
2015 Mark Ruffalo Spotlight
72%
2017 Gary Oldman Darkest Hour
71%
2019 Taika Waititi Jojo Rabbit
70%
2017 Greta Gerwig Lady Bird
70%
2017 Christopher Nolan Dunkirk
69%
2017 Timothée Chalamet Call me by your name
68%
2019 Emma Watson Little women
67%
2019 Martin Scorsese The Irishman
66%
2019 Scarlett Johansson Marriage Story
64%
2019 Sam Mendes 1917
63%
2016 Viola Davis Fences
62%
2017 Daniel Day-Lewis Phantom Thread
62%
2016 Andrew Garfield Hacksaw Ridge
61%
2016 Amy Adams Arrival
56%
2016 Dev Patel Lion
56%
2017 Frances McDormand Three Billboards Outside Ebbing, Missouri
56%
2018 Christian Bale Vice
56%
2015 Mark Rylance Bridge of spies
55%
2018 Alfonso Cuarón Roma
55%
2018 Spike Lee BlacKkKlansman
54%
2016 Octavia Spencer Hidden Figures
51%
2015 Charlize Theron Mad Max: Fury road
51%
2015 Saoirse Ronan Brooklyn
48%
2015 Matt Damon The Martian
47%
2017 Steven Spielberg The Post
38%
2019 James Mangold Ford vs. Ferrari
35%
2016 Jeff Bridges Hell or High Water
30%
2015 Brad Pitt The Big short
26%
No matching quizzes found
Score Distribution
Percent of People with Each Score
Percentile by Number Answered
Your Score History
You have not taken this quiz